Montaillou, the promised land of error
Tells ud about Montaillou, which has received even more praise than LeRoy Ladurie's earlier work, provides a portrait of a fascinating place with a dark, intriguing history
Sparad:
| Huvudupphovsman: | |
|---|---|
| Materialtyp: | Bok |
| Språk: | Undetermined |
| Publicerad: |
New York
Vintage Books
1979
|
| Ämnen: | |
| Taggar: |
Lägg till en tagg
Inga taggar, Lägg till första taggen!
|
| Thư viện lưu trữ: | Trung tâm Học liệu Trường Đại học Cần Thơ |
|---|
| LEADER | 01050nam a2200217Ia 4500 | ||
|---|---|---|---|
| 001 | CTU_220040 | ||
| 008 | 210402s9999 xx 000 0 und d | ||
| 020 | |c 30 | ||
| 082 | |a 944.88 | ||
| 082 | |b L619 | ||
| 100 | |a LeRoy Ladurie, Emmanuel | ||
| 245 | 0 | |a Montaillou, the promised land of error | |
| 245 | 0 | |c Emmanuel LeRoy Ladurie ; translated by Barbara Bray | |
| 260 | |a New York | ||
| 260 | |b Vintage Books | ||
| 260 | |c 1979 | ||
| 520 | |a Tells ud about Montaillou, which has received even more praise than LeRoy Ladurie's earlier work, provides a portrait of a fascinating place with a dark, intriguing history | ||
| 650 | |a Vùng Montaillou (Pháp),Montaillou (France),Montaillou (France),Vùng Montaillou (Pháp),Vùng Montaillou (Pháp),Vùng Montaillou (Pháp) | ||
| 650 | |x Social life and customs,History,Religious life and customs,Đời sống tôn giáo và phong tục,Lịch sử,Đời sống xã hội và phong tục | ||
| 904 | |i Nguyên | ||
| 980 | |a Trung tâm Học liệu Trường Đại học Cần Thơ | ||